Nano- and microscale drug delivery systems : (Record no. 25610)
[ view plain ]
| 000 -LEADER | |
|---|---|
| fixed length control field | 00917cam a22002775a 4500 |
| 001 - CONTROL NUMBER | |
| control field | 19422881 |
| 005 - DATE AND TIME OF LATEST TRANSACTION | |
| control field | 20171119120119.0 |
| 008 - FIXED-LENGTH DATA ELEMENTS--GENERAL INFORMATION | |
| fixed length control field | 161227t2017 ne a frb 001 0 eng d |
| 010 ## - LIBRARY OF CONGRESS CONTROL NUMBER | |
| LC control number | 2016963524 |
| 020 ## - INTERNATIONAL STANDARD BOOK NUMBER | |
| International Standard Book Number | 9780323527279 |
| 040 ## - CATALOGING SOURCE | |
| Original cataloging agency | DLC |
| Language of cataloging | eng |
| Transcribing agency | DLC |
| Modifying agency | EG-ScBUE |
| 082 04 - DEWEY DECIMAL CLASSIFICATION NUMBER | |
| Classification number | 615.19 |
| Item number | NAN |
| Edition number | 22 |
| 245 00 - TITLE STATEMENT | |
| Title | Nano- and microscale drug delivery systems : |
| Remainder of title | design and fabrication / |
| Statement of responsibility, etc | edited by Alexandru Mihai Grumezescu. |
| 246 30 - VARYING FORM OF TITLE | |
| Title proper/short title | Drug delivery systems |
| 260 ## - PUBLICATION, DISTRIBUTION, ETC. (IMPRINT) | |
| Place of publication, distribution, etc | Amsterdam : |
| Name of publisher, distributor, etc | Elsevier, |
| Date of publication, distribution, etc | c.2017. |
| 300 ## - PHYSICAL DESCRIPTION | |
| Extent | xxi, 491 p. : |
| Other physical details | ill. ; |
| Dimensions | 28 cm. |
| 504 ## - BIBLIOGRAPHY, ETC. NOTE | |
| Bibliography, etc | Includes bibliographical references and index. |
| 650 #7 - SUBJECT ADDED ENTRY--TOPICAL TERM | |
| Topical term or geographic name as entry element | Nanomedicine. |
| Source of heading or term | BUEsh |
| 9 (RLIN) | 4192 |
| 650 #7 - SUBJECT ADDED ENTRY--TOPICAL TERM | |
| Topical term or geographic name as entry element | Microtechnology. |
| Source of heading or term | BUEsh |
| 9 (RLIN) | 5977 |
| 650 #7 - SUBJECT ADDED ENTRY--TOPICAL TERM | |
| Topical term or geographic name as entry element | Drug delivery systems. |
| Source of heading or term | BUEsh |
| 9 (RLIN) | 36090 |
| 651 ## - SUBJECT ADDED ENTRY--GEOGRAPHIC NAME | |
| Source of heading or term | BUEsh |
| 653 ## - INDEX TERM--UNCONTROLLED | |
| Resource For college | Pharmacy |
| Arrived date list | November2017 |
| 655 ## - INDEX TERM--GENRE/FORM | |
| Form subdivision | Text book |
| -- | 33728 |
| 700 1# - ADDED ENTRY--PERSONAL NAME | |
| Personal name | Grumezescu, Alexandru Mihai, |
| Relator term | editor. |
| 942 ## - ADDED ENTRY ELEMENTS (KOHA) | |
| Source of classification or shelving scheme | Dewey Decimal Classification |
| Withdrawn status | Item status | Source of classification or shelving scheme | Damaged status | Not for loan | Vendor | Home library | Current library | Shelving location | Date acquired | Source of acquisition | Cost, normal purchase price | Total Checkouts | Full call number | Barcode | Date last seen | Koha item type | Total Renewals | Checked out | Date last borrowed |
|---|---|---|---|---|---|---|---|---|---|---|---|---|---|---|---|---|---|---|---|
| Dewey Decimal Classification | Baccah | Central Library | Central Library | First floor | 19/11/2017 | Purchase | 4220.00 | 615.19 NAN | 000046895 | 15/07/2025 | NB - Book (Non borrowing) | ||||||||
| Dewey Decimal Classification | Baccah | Central Library | Central Library | First floor | 19/11/2017 | Purchase | 4220.00 | 2 | 615.19 NAN | 000046896 | 16/06/2025 | Book - Borrowing | 7 | 20/09/2025 | 16/06/2025 | ||||
| Dewey Decimal Classification | Baccah | Central Library | Central Library | First floor | 19/11/2017 | Purchase | 4220.00 | 2 | 615.19 NAN | 000046897 | 15/07/2025 | Book - Borrowing | 22 | 26/03/2023 |